| 000 | 00840cam a2200229 4500 | ||
|---|---|---|---|
| 001 | WB3702-24 | ||
| 008 | 000000n2001 000 0 eng u | ||
| 035 | _a(Sirsi) u110234 | ||
| 245 | _aNew council tax band | ||
| 260 | _c2001 | ||
| 490 |
_aSunday Times _v7 January 2001, 2(1) |
||
| 520 | _aCouncil tax reforms currently under consideration, could affect up to one million homeowners of more expensive properties in the southeast. Under the reforms a new council tax band betwen the current G and H would be introduced, with the aim of narrowing the gap between rich and poor areas. | ||
| 590 | _aWB | ||
| 650 | _aCOUNCIL TAX BANDS | ||
| 650 | _aCOUNCIL TAX | ||
| 650 | _aHOMEOWNERS | ||
| 650 | _aREVALUATION | ||
| 650 | _aHOUSE PRICES | ||
| 650 | _aSOUTH-EAST ENGLAND | ||
| 690 | _aRATING AND LOCAL TAXATION | ||
| 942 | _n0 | ||
| 999 |
_c65738 _d65738 |
||